000 00306nam a2200133Ia 4500
008 231017s9999 xx 000 0 und d
082 _a387.8
082 _bGEN
245 0 _aAccess to destinations
245 0 _cMetropolitan Council
260 _bMetropolitan Council
300 _c30cm
942 _cREP
999 _c605329
_d605329